| 000 | 00755nam a2200205 a 4500 | ||
|---|---|---|---|
| 005 | 20140412111231.0 | ||
| 008 | 020511s19uu xx 00 eng d | ||
| 020 | _a0-395-39034-6 | ||
| 050 |
_aTR(PS E _bCu-Wa 1986 |
||
| 100 | _aRey, Margaret | ||
| 245 |
_aCurious George walks the pets / _cMargaret and H. A. Rey. |
||
| 260 |
_aBoston : _bHoughton Mifflin Company, _c1986. |
||
| 300 | _a32 p. ; ill. | ||
| 440 | _aCurious George | ||
| 500 | _a"adapted from the Curious George film series" | ||
| 520 | _aGeorge the curious monkey creates chaos when he tries to take all four of his neighbor's pets for a walk, especially since they are dog, cat, cannary, and godlfish. | ||
| 650 | _aPets--Fiction | ||
| 650 | _aMonkeys--Fiction | ||
| 999 |
_c102179 _d102179 |
||